Inflation-Forecast Targeting for India : An Outline of the Analytical Framework /

India formally adopted flexible inflation targeting (FIT) in June 2016 to place price stability, defined in terms of a target CPI inflation, as the primary objective of monetary policy. In this context, the paper draws on Indian macroeconomic developments since 2000 and the experience of other count...

Ful tanımlama

Detaylı Bibliyografya
Yazar: Benes, Jaromir
Diğer Yazarlar: Clinton, Kevin, George, Asish, John, Joice
Materyal Türü: Dergi
Dil:English
Baskı/Yayın Bilgisi: Washington, D.C. : International Monetary Fund, 2017.
Seri Bilgileri:IMF Working Papers; Working Paper ; No. 2017/032
Online Erişim:Full text available on IMF
LEADER 02117cas a2200277 a 4500
001 AALejournalIMF017439
008 230101c9999 xx r poo 0 0eng d
020 |c 5.00 USD 
020 |z 9781475578690 
022 |a 1018-5941 
040 |a BD-DhAAL  |c BD-DhAAL 
100 1 |a Benes, Jaromir. 
245 1 0 |a Inflation-Forecast Targeting for India :   |b An Outline of the Analytical Framework /  |c Jaromir Benes, Kevin Clinton, Asish George, Joice John. 
264 1 |a Washington, D.C. :  |b International Monetary Fund,  |c 2017. 
300 |a 1 online resource (37 pages) 
490 1 |a IMF Working Papers 
500 |a <strong>Off-Campus Access:</strong> No User ID or Password Required 
500 |a <strong>On-Campus Access:</strong> No User ID or Password Required 
506 |a Electronic access restricted to authorized BRAC University faculty, staff and students 
520 3 |a India formally adopted flexible inflation targeting (FIT) in June 2016 to place price stability, defined in terms of a target CPI inflation, as the primary objective of monetary policy. In this context, the paper draws on Indian macroeconomic developments since 2000 and the experience of other countries that adopted FIT to bring out insights on how credible policy with an emphasis on a strong nominal anchor can reduce the impact of supply shocks and improve macroeconomic stability. For illustrating the key issues given the unique structural characteristics of India and the policy options under an FIT framework, the paper describes an analytical framework using the core quarterly projection model (QPM). Simulations of the QPM are carried out to illustrate the monetary policy responses under different types of uncertainty and to bring out the importance of gaining credibility for improving monetary policy efficacy. 
538 |a Mode of access: Internet 
700 1 |a Clinton, Kevin. 
700 1 |a George, Asish. 
700 1 |a John, Joice. 
830 0 |a IMF Working Papers; Working Paper ;  |v No. 2017/032 
856 4 0 |z Full text available on IMF  |u http://elibrary.imf.org/view/journals/001/2017/032/001.2017.issue-032-en.xml  |z IMF e-Library